000 00806nam a22001937a 4500
999 _c80544
_d80544
008 201130b ||||| |||| 00| 0 eng d
040 _bger
_cSTAFF
_erda
_aSTAFF
041 _ager
100 _aWeber-Rath, Ines:
245 _aAls Frankfurter Schulen als Lazarette dienten:
_bStadtgeschichte: Der damals 14-jährige Fritz Reinstädler hat im Juli 1944 einen Stadtrundgang durch Frankfurt in einem Schulaufsatz aufwändig verarbeitet/
_cInes Weber-Rath
600 _aReinstädler, Fritz
_d(1930-1964)
650 _2Frankfurt (Oder)
653 _aStadtgeschichte
773 _dFrankfurt (Oder): Märkisches Verlags- und Druckhaus GmbH & Co KG
_g32. Jahrgang (2021) Nr. 4 vom 06.01.2021, S. 15
_tMärkische Oderzeitung
942 _cA